00391nam a22001337a 450000500170000000800410001702000150005804000130007308200190008610000200010524500840012526000370020930000110024620220414110706.0170803b xxu||||| |||| 00| 0 eng d a0631169040 cPK-LaUMT a297.082bFAT-W aFatima Mernissi aWomen and Islam : ban historical and theological enquiry /cby Fatima Mernissi aOxford :bBasil Blackwell,c1987 a228 p.